000 00620cam a22002411 4500
001 sa 64008792
003 DLC
005 20260227112056.0
008 890825s1963 ii b 000 0 hino
010 _asa 64008792
035 _a(OCoLC)20255407
040 _aDLC
_cWaU
_dDLC
042 _apremarc
043 _aa-ii---
050 0 0 _aPK4503
_b.U6
100 1 _aUpadhyay, Bharat Singh,
_d1915-
245 1 0 _aPāli sāhitya kā itihāsa.
260 _c[1963]
300 _a23, 775 p.
_c23 cm.
500 _aIn Hindi.
504 _aBibliographical footnotes.
650 0 _aPali literature
_xHistory and criticism.
999 _c61044
_d61044